Taylor Swift mystery lyrics #66 - Statistics

General Stats
  • This quiz has been taken 82 times
  • The average score is 91 of 129
Answer Stats
Answer % Correct
I
100%
a
96%
you
96%
You
96%
the
95%
my
93%
be
91%
me
91%
in
89%
It
89%
it
89%
your
89%
no
87%
love
85%
to
85%
I'm
84%
Was
84%
was
84%
like
82%
of
82%
that
82%
what
82%
this
78%
if
76%
know
76%
now
76%
I'll
75%
just
75%
Oh
75%
fallin'
73%
how
73%
only
73%
time
73%
am
71%
would
71%
again
69%
can't
69%
much
69%
down
67%
out
67%
up
67%
right
65%
thought
65%
goin'
62%
thinkin'
62%
hurts
60%
Never
60%
whole
60%
feels
58%
life
58%
mind
58%
around
56%
last
56%
make
56%
back
55%
hate
55%
turn
55%
labyrinth
53%
over
53%
plane
53%
through
51%
Breathe
49%
breathe
49%
How'd
49%
gettin'
47%
Lost
47%
Break
45%
break
45%
elevators
45%
scared
45%
deep
44%
everybody
44%
smile
44%
fast
42%
free
42%
trust
42%
bounce
40%
expects
40%
rises
38%
Uh-oh
33%
raw
31%
No matching quizzes found
Score Distribution
Percent of People with Each Score
Percentile by Number Answered
Your Score History
You have not taken this quiz